| 000 | 00461nam a22001577a 4500 | ||
|---|---|---|---|
| 999 |
_c524737 _d524737 |
||
| 003 | NUST | ||
| 038 | _aMr. Zahoor | ||
| 082 | _a005 | ||
| 100 |
_aMuniba Saleem _915531 |
||
| 245 |
_aDetection of Hemorrhages and Whitening for Diagnosis of malarial Retinopathy / _cMuniba Saleem |
||
| 260 |
_aIslamabad : _bCEME - NUST, _c2014. |
||
| 300 |
_ax, 57 p. : ill. ; _c30 cm. |
||
| 500 | _aHardcover. | ||
| 600 | _2Computer Engineering - MS Thesis | ||
| 942 |
_2ddc _cTHE |
||